000 00516nam a2200133 4500
999 _c8348
_d8348
008 180125b xxu||||| |||| 00| 0 eng d
082 _aDPer 050 Dec 2015-Mar 2016 T48 v186-187
100 _925813
_aDickey, Jack.
245 _aDave Roberts:
_bthe rookie manager takes over baseball' most intriguing team, the dodgers/
_cJack Dickey.
260 _aNew York :
_bTime Inc.,
_c©Dec 2015-Mar 2016.
300 _av186 n27-28, page 46:
_biluustrations;
_c27 cm.
650 0 _925814
_aSports
_xBaseball.
942 _2ddc
_cPER